Statistics for Most Popular Types of Apple by Clue

Click here to take the quiz!

General Stats

  • This quiz has been taken 276 times
  • The average score is 5 of 8

Answer Stats

HintApple Type% Correct
The classic green apple variety, originated in Australia.Granny Smith
88%
Japanese variety, named after Japan's highest mountain.Fuji
86%
Deep red colour, most popular apple cultivar in the world.Red Delicious
70%
National apple of Canada, and was the name of the first Apple computer.McIntosh
65%
Sweet, crisp, pink to red colouring. Also called Cripps Pink.Pink Lady
62%
Yellow in colour to reflect its descriptive name, this apple is the official fruit of West Virginia.Golden delicious
57%
Yellow + red colour, once surpassed red delicious as the most produced apple cultivar in the US.Gala
50%
Popular in the UK, this cultivar originated in New Zealand and is susceptible to a unique browning disorder.Braeburn
16%

Score Distribution

Percentile by Number Answered

Percent of People with Each Score

Your Score History

You have not taken this quiz